Análisis técnico de la operación de la planta de tratamiento de aguas residuales provenientes del proceso de recubrimiento metálico
Uloženo v:
| Hlavní autor: | |
|---|---|
| Médium: | Kniha |
| Jazyk: | Spanish |
| Vydáno: |
San José, Costa Rica
2015
|
| Témata: | |
| Tagy: |
Přidat tag
Žádné tagy, Buďte první, kdo vytvoří štítek k tomuto záznamu!
|
MARC
| LEADER | 00000nam a22000007a 4500 | ||
|---|---|---|---|
| 003 | 012309 | ||
| 005 | 20221231144028.0 | ||
| 008 | 160108b2015 cr a|||| |m|||0|| ||spa|d | ||
| 040 | |c cru CEDI | ||
| 090 | |a TFG 7473 | ||
| 100 | |9 2576 |a Fallas Williams, María José | ||
| 245 | |a Análisis técnico de la operación de la planta de tratamiento de aguas residuales provenientes del proceso de recubrimiento metálico | ||
| 260 | |a San José, Costa Rica |c 2015 | ||
| 500 | |a Proyecto de graduación (licenciatura en ingeniería química)--Universidad de Costa Rica. Facultad de Ingeniería. Escuela de Ingeniería Química | ||
| 650 | |x PLANTAS PARA TRATAMIENTO DE AGUAS RESIDUALES |x PURIFICACION DE AGUAS RESIDUALES |x REVESTIMIENTOS METALICOS |x CALIDAD INDUSTRIAL |x REVESTIMIENTOS PROTECTORES |9 2577 | ||
| 942 | |c TFG | ||
| 999 | |c 15835 |d 15835 | ||
